000
00274nam a22001217a 4500
082
_a
158
_b
GLA/O
100
_a
GLADWELL,MALCOLM
245
_a
OUTLIERS
_b
THE STORY OF SUCCESS
260
_a
LONDON
_b
PENGUIN BOOKS
300
_a
310
650
_a
STORY OF SUCCESS
_z
UK
942
_c
BK
999
_c
5110
_d
5110